000 00592nam a2200193Ia 4500
003 LDD
008 190117s9999 xx 000 0 und d
020 _a9788180314254
_c₹175
040 _cLDD
041 _ahi
082 _a8H3.7 य69252वो
100 _aयशपाल
245 0 _aवो दुनिया
_cयशपाल
260 _aइलाहाबाद
_bलोकभारती प्रकाशन
_c2011
300 _a128पृ.
901 _aRAJ
904 _aReqst by : J.M. Parakh
942 _2ddc
_cH
999 _c167611
_d167611